000 00405nam a2200145 a 4500
001 1337
003 CDMR
005 20130717123816.0
008 130130s ||||||||||||||||||||||||||||d
040 _aCDMR
_bcat
_cCPC GIRONA
100 1 _aRamírez, Txema
_91037
245 1 0 _aGabinetes de Comunicación
_bFunciones, disfunciones e incidencias
_cRamírez, Txema
260 _bBosch Comunicación
942 _cMON
_2udc
999 _c1337
_d1337